000 00650nam a2200217 a 4500
001 BRCA_8349
005 20190320210237.0
008 150714s1931----sp-ab##f##---#001-0#spa-#
041 _aspa
044 _asp
050 4 _aDP42.E8
_b.S2 1931
100 1 _aSandoval, Adolfo de
_920900
245 1 0 _aEspaña
_bnorte y levante
_cpor Adolfo de Sandoval ; acuarelas de Marius Hubert-Robert.
260 _aBarcelona
_bEdita
_c1931
300 _a1 v. (sin paginación)
_bil. (algunas a color)
_c32 cm.
500 _aR79
651 4 _aEspaña
_xDescripción y viajes
_97912
700 1 _aHubert-Robert, Marius
_eil.
_920901
902 _aGFM
942 _2lcc
_cB
999 _c8017
_d8017